Govt. of
Madhya Pradesh

Empowering Underachievers (Record no. 32239)

MARC details
000 -LEADER
fixed length control field 002940000a22001330004500
003 - CONTROL NUMBER IDENTIFIER
control field MACL
040 ## - CATALOGING SOURCE
Original cataloging agency MACL
090 ## - LOCALLY ASSIGNED LC-TYPE CALL NUMBER (OCLC); LOCAL CALL NUMBER (RLIN)
-- 32572
-- 32570
100 ## - MAIN ENTRY--PERSONAL NAME
Personal name Spevak, Peter A
245 ## - TITLE STATEMENT
Title Empowering Underachievers
260 ## - PUBLICATION, DISTRIBUTION, ETC. (IMPRINT)
Name of publisher, distributor, etc. Magna Publishing
Date of publication, distribution, etc. 2000
650 ## - SUBJECT ADDED ENTRY--TOPICAL TERM
Topical term or geographic name as entry element Education
942 ## - ADDED ENTRY ELEMENTS (KOHA)
Koha item type Library Membar
Call number prefix 371.28/Spe
Holdings
Withdrawn status Lost status Damaged status Not for loan Home library Current library Date acquired Total Checkouts Full call number Barcode Date last seen Uniform Resource Identifier Price effective from Koha item type
        MACL MACL 15/04/2015   371.28/Spe BOOK CLC3559 29/04/2015 32294 15/04/2015 Books